GTA IV Vehicle Quiz - Statistics

General Stats
  • This quiz has been taken 260 times
  • The average score is 54 of 120
Answer Stats
Vehicle Name % Correct
Comet
78%
Infernus
77%
Turismo
75%
Banshee
68%
Taxi
68%
Sultan
66%
Helitours Maverick
63%
Maverick
63%
Police Maverick
63%
FIB Buffalo
62%
NOOSE Cruiser
60%
Police Cruiser
60%
Roman's Taxi
60%
Blista Compact
59%
Sabre
59%
NOOSE Patriot
58%
NRG 900
58%
Patriot
58%
Schafter
58%
Sentinel
58%
Sultan RS
58%
Cavalcade
56%
Cavalcade FXT
56%
Ambulance
55%
Annihilator
55%
Bobcat
55%
PCJ 600
55%
Admiral
53%
Coquette
53%
Esperanto
53%
Cabby
52%
Super GT
52%
Washington
52%
Bus
51%
Merit
51%
Futo
50%
Sanchez
50%
Freeway
49%
PMP 600
49%
Emperor
48%
Cognoscenti
47%
Dukes
47%
Feltzer
47%
Huntley Sport
47%
Pony
47%
Sabre GT
47%
Voodoo
47%
Landstalker
46%
Stallion
46%
Dilettante
45%
Feroci
45%
Fire Truck
45%
FlyUS Feroci
45%
Manana
45%
Oracle
45%
Perennial
45%
Rancher
45%
Speedo
45%
Virgo
45%
Bucanneer
44%
Burrito
44%
Faggio
44%
Vigero
44%
Stretch
43%
Biff
42%
Enforcer
42%
Faction
42%
FlyUS Perennial
42%
Intruder
42%
Jetmax
42%
Mule
42%
Rebla
42%
Uranus
42%
Willard
42%
Minivan
41%
Primo
41%
Zombie
41%
Police Patrol
39%
Airtug
38%
Ingot
38%
Lokus
38%
Marbelle
38%
Peyote
38%
Police Stockade
38%
Tug Boat
38%
Vincent
38%
Hakumai
37%
Chavos
36%
Contender
36%
DF8-90
36%
Moonbeam
36%
Packer
36%
Pinnacle
36%
Presidente
36%
Ruiner
36%
Yankee
36%
Squalo
35%
Steed
34%
Stratum
34%
Trashmaster
34%
Boxville
33%
Phantom
33%
Solair
33%
Benson
32%
Dinghy
32%
Flatbed
32%
Fortune
32%
Hellfury
32%
Reefer
32%
Ripley
32%
Forklift
31%
Premier
31%
Romero
30%
Laundromat
29%
Marquis
29%
Mr. Tasty
29%
Police Predator
29%
Securicar
29%
Tropic
29%
Habanero
27%
No matching quizzes found
Score Distribution
Percent of People with Each Score
Percentile by Number Answered
Your Score History
You have not taken this quiz